000 00471nam a2200181Ia 4500
001 23074
005 20260414150913.0
008 260414t2016||||xx |||||||||||||| ||spa||
041 _aESP
082 _a624.1834
_bD89
100 _aDonini, Hugo Juan
_eAUT
245 0 _aPlateas de hormigón armado :
_bmodelos de cálculo y aspectos constructivos
260 _c2016
300 _a134 páginas :
_c24 cm.
650 _a0
654 _aCIC
942 _cLIB
_dJUS
_fJUS
_2ddc
_n
999 _c23074
_d23074